Normas para la certificación forestal voluntaria de plantaciones forestales y bosques naturales en Colombia bajo el esquema del FSC (Registro nro. 4060)

Detalles MARC
000 -CABECERA
Campo de control 00766nam a2200217 a 4500
005 - FECHA Y HORA DE LA ULTIMA TRANSACCION
Campo de control 20160220104839.0
008 - ELEMENTOS DE LONGITUD FIJA—INFORMACION GENERAL
Campo de control 140313t2003 ck a gr|||| 00| 0 spa d
040 ## - FUENTE DE CATALOGACIÓN
Agencia catalogadora original CO-BoIAVH
Agencia transcriptora CO-BoIAVH
041 ## - IDIOMA
Código de idioma para texto/pista de sonido o título separado Español
044 ## - PAÍS DE PUBLICACIÓN
País de publicación Colombia
082 04 - NUMERO DE CLASIFICACION DECIMAL DEWEY
Número de clasificación 346.0467515
Número del ítem C73n
110 2# - ASIENTO PRINCIPAL--NOMBRE CORPORATIVO
Unidad subordinad Comité de Normas para Plantaciones del GTCFV
9 (RLIN) 21353
245 1# - MENCION DE TITULO
Título Normas para la certificación forestal voluntaria de plantaciones forestales y bosques naturales en Colombia bajo el esquema del FSC
260 ## - PUBLICACION, DISTRIBUCION, ETC. (PIE DE IMPRENTA)
Lugar de publicación, distribución, etc. Cali
Nombre del editor, distribuidor, etc. WWF
Fecha de publicación, distribución, etc. 2003
300 ## - DESCRIPCION FISICA
Extensión 113 p. :
Otros detalles físicos ilustraciones. ;
Dimensiones 28 x 21 cm
650 #4 - ASIENTO SECUNDARIO DE MATERIA - TERMINO TEMATICO
Término temático o nombre geográfico como elemento de entrada Leyes forestales
9 (RLIN) 61628
650 #4 - ASIENTO SECUNDARIO DE MATERIA - TERMINO TEMATICO
Término temático o nombre geográfico como elemento de entrada legislación forestal
9 (RLIN) 3847
710 ## - ASIENTO SECUNDARIO - NOMBRE CORPORATIVO
Nombre corporativo o de jurisdicción como elemento de entrada ^aComité de normas para Bosques Naturales del GTCFV
9 (RLIN) 21354
942 ## - ELEMENTOS ADICIONALES (KOHA)
Tipo de ítem Libro
Sistema de clasificación Dewey Decimal Classification
945 ## - PROCESAMIENTO LOCAL
AAAA-MM-DD - Fecha de ingreso o modificacion 2004-08-13
Existencias
Withdrawn status Lost status Sistema de Clasificación Damaged status No para préstamo Colección Inventariado Ubicación Permanente Ubicación actual Fecha de adquisición Fuente de Valor Valor Total Checkouts Número topográfico Inventario / Código de Barras Date last seen Ejemplar Price effective from Forma de adquisición Tipo de material
    Dewey Decimal Classification     General Inventariado 2017 Bogotá Bogotá 13/08/2004 Instituto 15000.00   LB-346.0467515 C73n 016450 04/12/2012 Ej. 1 04/12/2012   Libro
    Dewey Decimal Classification     General Inventariado 2017 Sala Fabio Quevedo Sala Fabio Quevedo 13/06/2005 Instituto 15000.00   LB-346.0467515 C73n 019054 04/12/2012 Ej. 2 04/12/2012 Donación Libro